Bangladesh at fifty: Moving beyond development traps (Record no. 1224560)

MARC details
000 -LEADER
fixed length control field 00720nam a2200229Ia 4500
005 - DATE AND TIME OF LATEST TRANSACTION
control field 20241129104130.0
008 - FIXED-LENGTH DATA ELEMENTS--GENERAL INFORMATION
fixed length control field 241129s9999||||xx |||||||||||||| ||und||
020 ## - INTERNATIONAL STANDARD BOOK NUMBER
International Standard Book Number 9783030567903
037 ## - SOURCE OF ACQUISITION
Stock number Textual
040 ## - CATALOGING SOURCE
Original cataloging agency RTL
Language of cataloging eng
Transcribing agency RTL
041 ## - LANGUAGE CODE
Language code of text/sound track or separate title eng
Source of code eng
084 ## - COLON CLASSIFICATION NUMBER
Classification number X:77.44Q7.N50 R0
Assigning agency RTL
100 ## - MAIN ENTRY--PERSONAL NAME
Personal name Mujeri Mustafa K.; Mujeri Neaz
9 (RLIN) 724915
245 #0 - TITLE STATEMENT
Title Bangladesh at fifty: Moving beyond development traps
Statement of responsibility, etc. Mujeri Mustafa K.; Mujeri Neaz
260 ## - PUBLICATION, DISTRIBUTION, ETC.
Place of publication, distribution, etc. Switzerland
Name of publisher, distributor, etc. Palgrave Macmillan
Date of publication, distribution, etc. 2020
300 ## - PHYSICAL DESCRIPTION
Extent xxiii,570p.
365 ## - TRADE PRICE
Price type code INR
Price amount 9854
490 ## - SERIES STATEMENT
Series statement Palgrave Studies in Economic History
650 ## - SUBJECT ADDED ENTRY--TOPICAL TERM
Topical term or geographic name entry element Sociology
942 ## - ADDED ENTRY ELEMENTS (KOHA)
Koha item type Textbook
Classification part X:77.44Q7.N50 R0
Holdings
Withdrawn status Lost status Damaged status Not for loan Home library Current library Date acquired Source of acquisition Cost, normal purchase price Inventory number Total Checkouts Full call number Barcode Date last seen Price effective from Koha item type
        Ratan Tata Library Ratan Tata Library 2024-11-29 International Book Distributor 9854.00 118860 & 03/02/2023   X:77.44Q7.N50 R0 RT1502496 2024-11-29 2024-11-29 Textbook
Copyright @ Delhi University Library System